Statystyki dla EFL Championship 2022/23

Kliknij tutaj aby rozwiązać quiz!

Ogólne statystyki

  • Ten quiz został rozwiązany 88 razy
  • Średni wynik to 13 z 24

Statystyki odpowiedzi

Lp.Drużyna% Poprawnych
5Burnley
83%
22Watford
79%
13Norwich City
75%
20Sunderland
71%
18Sheffield United
68%
8Huddersfield Town
64%
1Birmingham City
62%
10Luton Town
62%
21Swansea City
61%
9Hull City
57%
2Blackburn Rovers
55%
6Cardiff City
55%
15Queens Park Rangers
55%
11Middlesbrough
53%
23West Bromwich Albion
53%
12Millwall
48%
4Bristol City
47%
19Stoke City
47%
14Preston North End
44%
16Reading
40%
24Wigan Athletic
40%
3Blackpool
39%
7Coventry City
39%
17Rotherham United
29%

Rozkład punktacji

Percentyl według liczby udzielonych odpowiedzi

Procent ludzi z każdym wynikiem

Twoja historia wyników

Nie rozwiązałeś tego quizu